[Event "Campeonato España Sub 16"]
[Site "Salobreña"]
[Date "2017.07.24"]
[Round "1"]
[White "Amador Garcia, Ismael"]
[Black "Gines Esteo, Pedro Antonio"]
[Result "0-1"]
[Board "1"]
[WhiteClock "n/a"]
[WhiteElo "1877"]
[WhiteCountry "ESP"]
[WhiteFideId "32040920"]
[WhiteEloChange "-2"]
[BlackClock "n/a"]
[BlackTitle "FM"]
[BlackElo "2375"]
[BlackCountry "ESP"]
[BlackFideId "32080190"]
[BlackEloChange "2"]

1. e4 {[%clk 1:30:30]} d6 {[%clk 1:30:30]} 2. d4 {[%clk 1:30:30]} Nf6 {[%clk
1:30:30]} 3. Nc3 {[%clk 1:30:30]} e5 {[%clk 1:30:30]} 4. Nf3 {[%clk 1:30:30]}
Nbd7 {[%clk 1:30:30]} 5. Bc4 {[%clk 1:30:30]} Be7 {[%clk 1:30:30]} 6. O-O {[%clk
1:30:30]} O-O {[%clk 1:30:30]} 7. Re1 {[%clk 1:30:30]} a6 {[%clk 1:30:30]} 8. a4
{[%clk 1:30:30]} b6 {[%clk 1:30:30]} 9. Bf1 {[%clk 1:30:30]} c6 {[%clk 1:30:30]}
10. d5 {[%clk 1:30:30]} c5 {[%clk 1:30:30]} 11. Nd2 {[%clk 1:30:30]} Ne8 {[%clk
1:30:30]} 12. Rb1 {[%clk 1:30:30]} g6 {[%clk 1:30:30]} 13. b4 {[%clk 1:30:30]} f5
{[%clk 1:30:30]} 14. Nc4 {[%clk 1:30:30]} f4 {[%clk 1:30:30]} 15. g3 {[%clk
1:30:30]} g5 {[%clk 1:30:30]} 16. Bh3 {[%clk 1:30:30]} Ng7 {[%clk 1:30:30]} 17.
bxc5 {[%clk 1:30:30]} bxc5 {[%clk 1:30:30]} 18. Qd3 {[%clk 1:30:30]} Ra7 {[%clk
1:30:30]} 19. a5 {[%clk 1:30:30]} h5 {[%clk 1:30:30]} 20. Nb6 {[%clk 1:30:30]} g4
{[%clk 1:30:30]} 21. Nxc8 {[%clk 1:30:30]} Qxc8 {[%clk 1:30:30]} 22. Bf1 {[%clk
1:30:30]} h4 {[%clk 1:30:30]} 23. Nd1 {[%clk 1:30:30]} Nh5 {[%clk 1:30:30]} 24.
c4 {[%clk 1:30:30]} Bg5 {[%clk 1:30:30]} 25. Re2 {[%clk 1:30:30]} Qd8 {[%clk
1:30:30]} 26. Qa3 {[%clk 1:30:30]} Qf6 {[%clk 1:30:30]} 27. Re1 {[%clk 1:30:30]}
Qh6 {[%clk 1:30:30]} 0-1

[Event "Campeonato España Sub 16"]
[Site "Salobreña"]
[Date "2017.07.24"]
[Round "1"]
[White "Guerra Rivera, Salvador"]
[Black "Martin Perez, Pau"]
[Result "1-0"]
[Board "2"]
[WhiteClock "1:30"]
[WhiteTitle "FM"]
[WhiteElo "2362"]
[WhiteCountry "ESP"]
[WhiteFideId "32096542"]
[WhiteEloChange "2"]
[BlackClock "1:30"]
[BlackElo "1876"]
[BlackCountry "ESP"]
[BlackFideId "32009984"]
[BlackEloChange "-2"]

1. e4 {[%clk 1:30:00]} e5 {[%clk 1:30:00]} 2. Nf3 {[%clk 1:31:00]} Nc6 {[%clk
1:31:00]} 3. Bb5 {[%clk 1:31:00]} a6 {[%clk 1:31:00]} 4. Bxc6 {[%clk 1:31:00]}
dxc6 {[%clk 1:32:00]} 5. O-O {[%clk 1:31:00]} Bg4 {[%clk 1:31:00]} 6. h3 {[%clk
1:31:00]} h5 {[%clk 1:31:00]} 7. d3 {[%clk 1:31:00]} Qf6 {[%clk 1:31:00]} 8. Nbd2
{[%clk 1:30:00]} Ne7 {[%clk 1:30:00]} 9. Re1 {[%clk 1:29:00]} Ng6 {[%clk
1:29:00]} 10. d4 {[%clk 1:28:00]} Nf4 {[%clk 1:29:00]} 11. hxg4 {[%clk 1:21:00]}
hxg4 {[%clk 1:28:00]} 12. g3 {[%clk 1:21:00]} gxf3 {[%clk 1:28:00]} 13. Qxf3
{[%clk 1:19:00]} Ne6 {[%clk 1:26:00]} 14. Qxf6 {[%clk 1:18:00]} gxf6 {[%clk
1:27:00]} 15. dxe5 {[%clk 1:17:00]} fxe5 {[%clk 1:26:00]} 16. Nf3 {[%clk
1:14:00]} Bd6 {[%clk 1:23:00]} 17. Be3 {[%clk 1:12:00]} O-O-O {[%clk 1:22:00]}
18. c3 {[%clk 1:11:00]} f6 {[%clk 1:21:00]} 19. b4 {[%clk 1:05:00]} c5 {[%clk
1:17:00]} 20. Reb1 {[%clk 0:54:00]} cxb4 {[%clk 1:02:00]} 21. cxb4 {[%clk
0:55:00]} Rhg8 {[%clk 0:55:00]} 22. a4 {[%clk 0:52:00]} Nf4 {[%clk 0:52:00]} 23.
Rb3 {[%clk 0:45:00]} f5 {[%clk 0:42:00]} 24. exf5 {[%clk 0:29:00]} e4 {[%clk
0:36:00]} 25. Nd4 {[%clk 0:23:00]} Nd3 {[%clk 0:32:00]} 26. Ne6 {[%clk 0:16:15]}
Rd7 {[%clk 0:32:00]} 27. Ng5 {[%clk 0:15:04]} Re7 {[%clk 0:17:07]} 28. Nxe4
{[%clk 0:10:41]} Rxe4 {[%clk 0:17:32]} 29. Rxd3 {[%clk 0:11:09]} Rxb4 {[%clk
0:17:57]} 30. Kg2 {[%clk 0:10:19]} Rf8 {[%clk 0:15:10]} 31. Rd5 {[%clk 0:09:01]}
Re4 {[%clk 0:09:57]} 32. Kf3 {[%clk 0:08:22]} Rc4 {[%clk 0:07:46]} 33. g4 {[%clk
0:08:30]} Rh8 {[%clk 0:03:53]} 34. Rd4 {[%clk 0:07:15]} Rc6 {[%clk 0:01:42]} 35.
Rg1 {[%clk 0:06:54]} Rh3+ {[%clk 0:01:03]} 36. Ke4 {[%clk 0:06:53]} Bc5 {[%clk
0:01:01]} 37. Rd3 {[%clk 0:05:47]} Bd6 {[%clk 0:01:00]} 38. f6 {[%clk 0:05:28]}
Rh8 {[%clk 0:00:56]} 39. g5 {[%clk 0:05:26]} Rg8 {[%clk 0:00:53]} 40. Kf5 {[%clk
0:05:10]} Bc5 {[%clk 0:00:36]} 41. Bxc5 {[%clk 0:04:23]} Rxc5+ {[%clk 0:01:02]}
42. Ke6 {[%clk 0:04:40]} Rc6+ {[%clk 0:01:10]} 43. Kf7 {[%clk 0:04:54]} Rh8
{[%clk 0:01:33]} 44. g6 {[%clk 0:04:56]} Rh6 {[%clk 0:01:36]} 45. Kg7 {[%clk
0:04:56]} 1-0

[Event "Campeonato España Sub 16"]
[Site "Salobreña"]
[Date "2017.07.24"]
[Round "1"]
[White "Moreno Alcaraz, Jose Javier"]
[Black "Lianes Garcia, Marcos"]
[Result "0-1"]
[Board "3"]
[WhiteClock "1:30"]
[WhiteElo "1872"]
[WhiteCountry "ESP"]
[WhiteFideId "32033303"]
[WhiteEloChange "-2"]
[BlackClock "1:30"]
[BlackTitle "FM"]
[BlackElo "2352"]
[BlackCountry "ESP"]
[BlackFideId "32060777"]
[BlackEloChange "2"]

1. e4 {[%clk 1:30:00]} c5 {[%clk 1:30:00]} 2. Nf3 {[%clk 1:31:00]} d6 {[%clk
1:30:00]} 3. d4 {[%clk 1:31:00]} cxd4 {[%clk 1:31:00]} 4. Nxd4 {[%clk 1:31:00]}
Nf6 {[%clk 1:31:00]} 5. Nc3 {[%clk 1:31:00]} Bd7 {[%clk 1:31:00]} 6. Be2 {[%clk
1:26:00]} e5 {[%clk 1:21:00]} 7. Nb3 {[%clk 1:23:00]} Be7 {[%clk 1:16:00]} 8. Be3
{[%clk 1:21:00]} O-O {[%clk 1:16:00]} 9. Qd2 {[%clk 1:20:00]} a5 {[%clk 1:16:00]}
10. a4 {[%clk 1:13:00]} Na6 {[%clk 1:15:00]} 11. f3 {[%clk 1:05:00]} Be6 {[%clk
0:56:00]} 12. Nd5 {[%clk 0:59:00]} Bxd5 {[%clk 0:53:00]} 13. exd5 {[%clk
0:59:00]} Nb4 {[%clk 0:49:00]} 14. c4 {[%clk 0:57:00]} Nd7 {[%clk 0:46:00]} 15.
O-O {[%clk 0:51:00]} b6 {[%clk 0:30:00]} 16. Bd3 {[%clk 0:38:00]} Nc5 {[%clk
0:25:00]} 17. Bc2 {[%clk 0:36:00]} Rc8 {[%clk 0:23:00]} 18. Nc1 {[%clk 0:24:00]}
f5 {[%clk 0:20:00]} 19. Na2 {[%clk 0:20:00]} Nxa2 {[%clk 0:16:09]} 20. Rxa2
{[%clk 0:20:00]} Na6 {[%clk 0:13:20]} 21. b3 {[%clk 0:17:19]} f4 {[%clk 0:13:12]}
22. Bf2 {[%clk 0:17:36]} Bh4 {[%clk 0:13:34]} 23. Raa1 {[%clk 0:17:13]} Bxf2+
{[%clk 0:13:17]} 24. Qxf2 {[%clk 0:17:26]} g6 {[%clk 0:13:42]} 25. Rfe1 {[%clk
0:12:26]} Rb8 {[%clk 0:13:37]} 26. Rab1 {[%clk 0:11:08]} Rb7 {[%clk 0:13:59]} 27.
Rbd1 {[%clk 0:08:21]} Rg7 {[%clk 0:14:14]} 28. g4 {[%clk 0:01:38]} fxg3 {[%clk
0:14:28]} 29. hxg3 {[%clk 0:01:53]} Nc5 {[%clk 0:14:25]} 30. Qe3 {[%clk 0:00:50]}
Qf6 {[%clk 0:13:48]} 31. Rf1 {[%clk 0:00:57]} Rgf7 {[%clk 0:13:25]} 32. Kg2
{[%clk 0:00:54]} Qg7 {[%clk 0:13:24]} 33. Rf2 {[%clk 0:00:39]} Rf6 {[%clk
0:11:35]} 34. Rh1 {[%clk 0:00:40]} Qd7 {[%clk 0:10:23]} 35. Qg5 {[%clk 0:00:33]}
Qd8 {[%clk 0:08:05]} 36. Qh6 {[%clk 0:00:47]} R8f7 {[%clk 0:07:58]} 37. Qh4
{[%clk 0:00:55]} Qf8 {[%clk 0:08:11]} 38. Qg4 {[%clk 0:00:56]} Rg7 {[%clk
0:06:47]} 39. Qh4 {[%clk 0:00:37]} Qe7 {[%clk 0:05:44]} 40. Qg4 {[%clk 0:00:49]}
Nd7 {[%clk 0:05:41]} 41. Qe4 {[%clk 0:00:43]} Rf8 {[%clk 0:05:38]} 42. Qe3 {[%clk
0:00:38]} Qd8 {[%clk 0:05:51]} 43. Qh6 {[%clk 0:00:45]} Nf6 {[%clk 0:05:15]} 44.
Qe3 {[%clk 0:00:37]} Qc7 {[%clk 0:05:28]} 45. Qd2 {[%clk 0:00:33]} Rgf7 {[%clk
0:04:41]} 46. Rhf1 {[%clk 0:00:35]} Qc5 {[%clk 0:05:01]} 47. Qe2 {[%clk 0:00:42]}
Nh5 {[%clk 0:04:31]} 48. Qd2 {[%clk 0:00:38]} Qc7 {[%clk 0:03:53]} 49. Qh6 {[%clk
0:00:35]} Nf6 {[%clk 0:03:15]} 50. Qg5 {[%clk 0:00:34]} Rg7 {[%clk 0:02:35]} 51.
Rh1 {[%clk 0:00:46]} Qc5 {[%clk 0:02:52]} 52. Qd2 {[%clk 0:00:40]} Rgf7 {[%clk
0:02:22]} 53. Rhf1 {[%clk 0:00:49]} Kg7 {[%clk 0:02:28]} 54. Qe2 {[%clk 0:00:40]}
Rh8 {[%clk 0:01:58]} 55. Qd2 {[%clk 0:00:59]} Re8 {[%clk 0:01:03]} 56. Re1 {[%clk
0:00:51]} Qc8 {[%clk 0:01:08]} 57. Rh1 {[%clk 0:00:58]} Ng8 {[%clk 0:01:24]} 58.
Qe3 {[%clk 0:01:09]} Qd8 {[%clk 0:01:43]} 59. Qd2 {[%clk 0:01:14]} Ref8 {[%clk
0:01:45]} 60. Qe3 {[%clk 0:01:30]} Qc7 {[%clk 0:01:47]} 61. Qd2 {[%clk 0:01:35]}
Qc5 {[%clk 0:02:08]} 62. Rhf1 {[%clk 0:02:00]} Rf6 {[%clk 0:02:26]} 63. Rh1
{[%clk 0:02:10]} R8f7 {[%clk 0:02:27]} 64. Qc3 {[%clk 0:00:51]} Kf8 {[%clk
0:02:20]} 65. Qd2 {[%clk 0:01:03]} Ne7 {[%clk 0:02:43]} 66. Qg5 {[%clk 0:00:54]}
Ng8 {[%clk 0:01:57]} 67. Qd2 {[%clk 0:00:56]} h5 {[%clk 0:02:05]} 68. Bb1 {[%clk
0:00:32]} Ke7 {[%clk 0:01:40]} 69. Qg5 {[%clk 0:00:41]} Kd8 {[%clk 0:01:30]} 70.
Rhf1 {[%clk 0:00:33]} Kc7 {[%clk 0:01:44]} 71. Rh1 {[%clk 0:00:40]} Qd4 {[%clk
0:02:04]} 72. Rh4 {[%clk 0:00:51]} Qc3 {[%clk 0:02:14]} 73. Bc2 {[%clk 0:01:00]}
Rxf3 {[%clk 0:02:20]} 74. Re2 {[%clk 0:00:35]} R3f6 {[%clk 0:01:57]} 75. Be4
{[%clk 0:00:32]} Ne7 {[%clk 0:01:39]} 76. Rh1 {[%clk 0:00:41]} Qd4 {[%clk
0:01:58]} 77. Kh3 {[%clk 0:00:41]} 0-1

[Event "Campeonato España Sub 16"]
[Site "Salobreña"]
[Date "2017.07.24"]
[Round "1"]
[White "Plazuelo Pascual, Juan"]
[Black "Rodriguez Miranda, Sergio"]
[Result "1-0"]
[Board "4"]
[WhiteClock "1:30"]
[WhiteTitle "FM"]
[WhiteElo "2334"]
[WhiteCountry "ESP"]
[WhiteFideId "32059566"]
[WhiteEloChange "2"]
[BlackClock "1:30"]
[BlackElo "1869"]
[BlackCountry "ESP"]
[BlackFideId "32031360"]
[BlackEloChange "-2"]

1. d4 {[%clk 1:30:00]} Nf6 {[%clk 1:30:00]} 2. c4 {[%clk 1:31:00]} g6 {[%clk
1:31:00]} 3. Nc3 {[%clk 1:31:00]} Bg7 {[%clk 1:30:00]} 4. e4 {[%clk 1:31:00]} d6
{[%clk 1:29:00]} 5. f3 {[%clk 1:31:00]} O-O {[%clk 1:30:00]} 6. Be3 {[%clk
1:32:00]} e5 {[%clk 1:28:00]} 7. Nge2 {[%clk 1:32:00]} a6 {[%clk 1:21:00]} 8. Qd2
{[%clk 1:31:00]} Nc6 {[%clk 1:18:00]} 9. d5 {[%clk 1:31:00]} Ne7 {[%clk 1:17:00]}
10. g4 {[%clk 1:24:00]} Ne8 {[%clk 1:14:00]} 11. h4 {[%clk 1:16:00]} f5 {[%clk
0:49:00]} 12. exf5 {[%clk 1:13:00]} gxf5 {[%clk 0:47:00]} 13. g5 {[%clk 1:13:00]}
f4 {[%clk 0:42:00]} 14. Bf2 {[%clk 1:12:00]} Nf5 {[%clk 0:41:00]} 15. Ne4 {[%clk
1:08:00]} h5 {[%clk 0:27:00]} 16. gxh6 {[%clk 1:02:00]} Bxh6 {[%clk 0:27:00]} 17.
Ng5 {[%clk 0:57:00]} Neg7 {[%clk 0:26:00]} 18. Rg1 {[%clk 0:54:00]} Qe8 {[%clk
0:22:00]} 19. O-O-O {[%clk 0:50:00]} Qh5 {[%clk 0:19:17]} 20. Qc2 {[%clk
0:34:00]} Bxg5 {[%clk 0:08:06]} 21. Rxg5 {[%clk 0:33:00]} Qxf3 {[%clk 0:08:18]}
22. Ng1 {[%clk 0:31:00]} Qh1 {[%clk 0:08:07]} 23. Bg2 {[%clk 0:31:00]} 1-0

[Event "Campeonato España Sub 16"]
[Site "Salobreña"]
[Date "2017.07.24"]
[Round "1"]
[White "Gonzalez Alonso, Marti"]
[Black "Roldan Marques, Daniel"]
[Result "0-1"]
[Board "5"]
[WhiteClock "1:30"]
[WhiteElo "1861"]
[WhiteCountry "ESP"]
[WhiteFideId "32067267"]
[WhiteEloChange "-2"]
[BlackClock "1:30"]
[BlackTitle "FM"]
[BlackElo "2300"]
[BlackCountry "ESP"]
[BlackFideId "32063318"]
[BlackEloChange "2"]

1. e4 {[%clk 1:30:00]} e5 {[%clk 1:30:00]} 2. Nf3 {[%clk 1:31:00]} Nc6 {[%clk
1:31:00]} 3. d4 {[%clk 1:31:00]} exd4 {[%clk 1:31:00]} 4. Nxd4 {[%clk 1:32:00]}
Qf6 {[%clk 1:31:00]} 5. Be3 {[%clk 1:31:00]} Bc5 {[%clk 1:31:00]} 6. c3 {[%clk
1:31:00]} Nge7 {[%clk 1:31:00]} 7. Bc4 {[%clk 1:29:00]} Qg6 {[%clk 1:28:00]} 8.
O-O {[%clk 1:20:00]} O-O {[%clk 1:22:00]} 9. Nd2 {[%clk 1:16:00]} Nxd4 {[%clk
1:16:00]} 10. cxd4 {[%clk 1:06:00]} Bb6 {[%clk 1:16:00]} 11. f4 {[%clk 1:00:00]}
d5 {[%clk 1:04:00]} 12. Bd3 {[%clk 0:56:00]} dxe4 {[%clk 1:02:00]} 13. Bxe4
{[%clk 0:53:00]} Nf5 {[%clk 0:59:00]} 14. Nc4 {[%clk 0:40:00]} Nxe3 {[%clk
0:54:00]} 15. Bxg6 {[%clk 0:40:00]} Nxd1 {[%clk 0:54:00]} 16. Nxb6 {[%clk
0:40:00]} axb6 {[%clk 0:55:00]} 17. Bxh7+ {[%clk 0:29:00]} Kxh7 {[%clk 0:55:00]}
18. Rfxd1 {[%clk 0:29:00]} Rd8 {[%clk 0:55:00]} 19. Rac1 {[%clk 0:25:00]} c6
{[%clk 0:55:00]} 20. d5 {[%clk 0:24:00]} Rxa2 {[%clk 0:55:00]} 0-1

[Event "Campeonato España Sub 16"]
[Site "Salobreña"]
[Date "2017.07.24"]
[Round "1"]
[White "Galiana Fernandez, Adrian"]
[Black "Codina Calvo, Daniel"]
[Result "1-0"]
[Board "6"]
[WhiteClock "1:30"]
[WhiteElo "2274"]
[WhiteCountry "ESP"]
[WhiteFideId "32010150"]
[WhiteEloChange "2"]
[BlackClock "1:30"]
[BlackElo "1845"]
[BlackCountry "ESP"]
[BlackFideId "32041675"]
[BlackEloChange "-2"]

1. e4 {[%clk 1:30:00]} e5 {[%clk 1:30:00]} 2. Nf3 {[%clk 1:31:00]} Nf6 {[%clk
1:31:00]} 3. Nxe5 {[%clk 1:31:00]} d6 {[%clk 1:31:00]} 4. Nf3 {[%clk 1:32:00]}
Nxe4 {[%clk 1:31:00]} 5. Nc3 {[%clk 1:32:00]} Nxc3 {[%clk 1:32:00]} 6. dxc3
{[%clk 1:33:00]} Be7 {[%clk 1:31:00]} 7. Be3 {[%clk 1:33:00]} Be6 {[%clk
1:32:00]} 8. Qd2 {[%clk 1:25:00]} Nc6 {[%clk 1:31:00]} 9. Be2 {[%clk 1:12:00]}
Qd7 {[%clk 1:31:00]} 10. Nd4 {[%clk 0:56:00]} Nxd4 {[%clk 1:28:00]} 11. cxd4
{[%clk 0:57:00]} O-O {[%clk 0:40:00]} 12. O-O {[%clk 0:54:00]} Qc6 {[%clk
0:39:00]} 13. c4 {[%clk 0:54:00]} Bf5 {[%clk 0:34:00]} 14. Rac1 {[%clk 0:45:00]}
Rfe8 {[%clk 0:27:00]} 15. Bf3 {[%clk 0:44:00]} Qa6 {[%clk 0:17:30]} 16. b4 {[%clk
0:28:00]} Bf6 {[%clk 0:13:58]} 17. b5 {[%clk 0:28:00]} Qa3 {[%clk 0:12:21]} 18.
Bxb7 {[%clk 0:27:00]} Rab8 {[%clk 0:12:19]} 19. Bc6 {[%clk 0:28:00]} Re7 {[%clk
0:05:35]} 20. Rc3 {[%clk 0:25:00]} Qb4 {[%clk 0:04:42]} 21. Qc1 {[%clk 0:25:00]}
Be4 {[%clk 0:03:20]} 22. Rb3 {[%clk 0:25:00]} Qa4 {[%clk 0:01:34]} 23. Bxe4
{[%clk 0:25:00]} Rxe4 {[%clk 0:01:38]} 24. Ra3 {[%clk 0:25:00]} 1-0

[Event "Campeonato España Sub 16"]
[Site "Salobreña"]
[Date "2017.07.24"]
[Round "1"]
[White "Bono Monreal, Alberto"]
[Black "Ayats Llobera, Gerard"]
[Result "0-1"]
[Board "7"]
[WhiteClock "1:30"]
[WhiteElo "1837"]
[WhiteCountry "ESP"]
[WhiteFideId "32029845"]
[WhiteEloChange "-2"]
[BlackClock "1:30"]
[BlackTitle "FM"]
[BlackElo "2261"]
[BlackCountry "ESP"]
[BlackFideId "32067607"]
[BlackEloChange "2"]

1. e4 {[%clk 1:30:00]} e6 {[%clk 1:30:00]} 2. d4 {[%clk 1:30:00]} d5 {[%clk
1:31:00]} 3. Nd2 {[%clk 1:31:00]} Be7 {[%clk 1:31:00]} 4. Bd3 {[%clk 1:21:00]} c5
{[%clk 1:31:00]} 5. e5 {[%clk 1:15:00]} Nc6 {[%clk 1:12:00]} 6. Qg4 {[%clk
1:13:00]} Kf8 {[%clk 1:11:00]} 7. c3 {[%clk 1:13:00]} cxd4 {[%clk 1:10:00]} 8.
cxd4 {[%clk 1:12:00]} h5 {[%clk 0:46:00]} 9. Qf4 {[%clk 0:37:00]} Bg5 {[%clk
0:36:00]} 10. Qg3 {[%clk 0:37:00]} Nxd4 {[%clk 0:24:00]} 11. Nh3 {[%clk 0:37:00]}
Bh6 {[%clk 0:23:00]} 12. O-O {[%clk 0:26:00]} Bd7 {[%clk 0:21:00]} 13. b3 {[%clk
0:25:00]} Rc8 {[%clk 0:17:00]} 14. Ba3+ {[%clk 0:20:00]} Ne7 {[%clk 0:16:30]} 15.
Qh4 {[%clk 0:02:46]} Bxd2 {[%clk 0:15:45]} 16. Qxd4 {[%clk 0:03:08]} Bc3 {[%clk
0:15:45]} 17. Qf4 {[%clk 0:02:35]} Kg8 {[%clk 0:13:22]} 18. Ng5 {[%clk 0:02:13]}
Qe8 {[%clk 0:11:23]} 19. Rac1 {[%clk 0:02:04]} Rh6 {[%clk 0:11:31]} 20. Bb1
{[%clk 0:01:04]} Ng6 {[%clk 0:07:50]} 21. Qe3 {[%clk 0:01:01]} d4 {[%clk
0:08:02]} 22. Qg3 {[%clk 0:00:49]} h4 {[%clk 0:07:45]} 23. Qh3 {[%clk 0:00:49]}
0-1

[Event "Campeonato España Sub 16"]
[Site "Salobreña"]
[Date "2017.07.24"]
[Round "1"]
[White "Castillo Dalmau, Albert"]
[Black "Arjona Casado, Abel"]
[Result "1-0"]
[Board "8"]
[WhiteClock "1:30"]
[WhiteElo "2258"]
[WhiteCountry "ESP"]
[WhiteFideId "32009925"]
[WhiteEloChange "2"]
[BlackClock "1:30"]
[BlackElo "1828"]
[BlackCountry "ESP"]
[BlackFideId "24513296"]
[BlackEloChange "-2"]

1. Nf3 {[%clk 1:30:00]} d5 {[%clk 1:30:00]} 2. c4 {[%clk 1:30:00]} c6 {[%clk
1:30:00]} 3. g3 {[%clk 1:30:00]} Nf6 {[%clk 1:29:00]} 4. Bg2 {[%clk 1:30:00]} Bf5
{[%clk 1:28:00]} 5. cxd5 {[%clk 1:22:00]} cxd5 {[%clk 1:26:00]} 6. Qb3 {[%clk
1:23:00]} Qd7 {[%clk 1:07:00]} 7. Ne5 {[%clk 1:07:00]} Qc7 {[%clk 1:05:00]} 8.
Nc3 {[%clk 1:07:00]} Nc6 {[%clk 0:46:00]} 9. Nxc6 {[%clk 0:59:00]} bxc6 {[%clk
0:45:00]} 10. d3 {[%clk 1:00:00]} e6 {[%clk 0:39:00]} 11. O-O {[%clk 0:59:00]}
Bd6 {[%clk 0:37:00]} 12. e4 {[%clk 0:47:00]} Bg6 {[%clk 0:32:00]} 13. Qc2 {[%clk
0:45:00]} O-O {[%clk 0:27:00]} 14. Bg5 {[%clk 0:23:00]} Nd7 {[%clk 0:23:00]} 15.
Rac1 {[%clk 0:23:00]} Rab8 {[%clk 0:19:38]} 16. Na4 {[%clk 0:19:02]} Rfc8 {[%clk
0:17:21]} 17. Be3 {[%clk 0:14:59]} Qa5 {[%clk 0:11:18]} 18. h3 {[%clk 0:12:57]}
f6 {[%clk 0:10:20]} 19. a3 {[%clk 0:06:52]} Qa6 {[%clk 0:10:04]} 20. b4 {[%clk
0:05:09]} Ne5 {[%clk 0:08:48]} 21. Rfd1 {[%clk 0:04:48]} Nd7 {[%clk 0:07:28]} 22.
Qb3 {[%clk 0:02:57]} Bf7 {[%clk 0:05:07]} 23. Nc5 {[%clk 0:01:20]} Bxc5 {[%clk
0:03:32]} 24. Bxc5 {[%clk 0:01:44]} Nxc5 {[%clk 0:03:41]} 25. Rxc5 {[%clk
0:02:13]} Qb6 {[%clk 0:03:49]} 26. Qc3 {[%clk 0:02:29]} Qa6 {[%clk 0:00:55]} 27.
Rc1 {[%clk 0:01:10]} Rb6 {[%clk 0:01:05]} 28. exd5 {[%clk 0:01:23]} exd5 {[%clk
0:01:26]} 29. Bxd5 {[%clk 0:01:32]} Bxd5 {[%clk 0:00:54]} 30. Rxd5 {[%clk
0:02:01]} h6 {[%clk 0:00:39]} 31. Rd7 {[%clk 0:02:12]} Rb7 {[%clk 0:00:42]} 32.
Qb3+ {[%clk 0:01:52]} Kh7 {[%clk 0:00:43]} 33. Qf7 {[%clk 0:01:31]} Rxd7 {[%clk
0:00:59]} 34. Qxd7 {[%clk 0:01:59]} Rg8 {[%clk 0:00:34]} 35. Rc3 {[%clk 0:02:16]}
Qc8 {[%clk 0:00:33]} 36. Qxc8 {[%clk 0:01:46]} Rxc8 {[%clk 0:01:02]} 37. Kf1
{[%clk 0:01:16]} Kg6 {[%clk 0:01:22]} 38. Ke2 {[%clk 0:01:31]} Kf5 {[%clk
0:01:37]} 39. Rc5+ {[%clk 0:01:45]} Ke6 {[%clk 0:01:46]} 40. b5 {[%clk 0:01:43]}
Kd6 {[%clk 0:01:25]} 41. Rxc6+ {[%clk 0:02:09]} Rxc6 {[%clk 0:01:34]} 42. bxc6
{[%clk 0:02:38]} Kxc6 {[%clk 0:02:03]} 43. d4 {[%clk 0:02:48]} Kd5 {[%clk
0:01:52]} 44. Kd3 {[%clk 0:03:17]} f5 {[%clk 0:02:27]} 45. h4 {[%clk 0:03:38]} h5
{[%clk 0:02:23]} 46. a4 {[%clk 0:04:01]} g6 {[%clk 0:01:24]} 47. a5 {[%clk
0:03:32]} a6 {[%clk 0:01:53]} 48. f4 {[%clk 0:03:32]} 1-0

[Event "Campeonato España Sub 16"]
[Site "Salobreña"]
[Date "2017.07.24"]
[Round "1"]
[White "Malon Insausti, Andres"]
[Black "Aguilera Lopez, Alejandro"]
[Result "0-1"]
[Board "9"]
[WhiteClock "1:30"]
[WhiteElo "1824"]
[WhiteCountry "ESP"]
[WhiteFideId "24513644"]
[WhiteEloChange "-2"]
[BlackClock "1:30"]
[BlackElo "2251"]
[BlackCountry "ESP"]
[BlackFideId "32093810"]
[BlackEloChange "2"]

1. e4 {[%clk 1:30:00]} c5 {[%clk 1:30:00]} 2. Nf3 {[%clk 1:31:00]} e6 {[%clk
1:31:00]} 3. d4 {[%clk 1:31:00]} cxd4 {[%clk 1:31:00]} 4. Nxd4 {[%clk 1:31:00]}
Nf6 {[%clk 1:32:00]} 5. Nc3 {[%clk 1:32:00]} Nc6 {[%clk 1:32:00]} 6. Ndb5 {[%clk
1:31:00]} Bb4 {[%clk 1:32:00]} 7. a3 {[%clk 1:31:00]} Bxc3+ {[%clk 1:33:00]} 8.
Nxc3 {[%clk 1:31:00]} d5 {[%clk 1:33:00]} 9. Bd3 {[%clk 1:31:00]} O-O {[%clk
1:31:00]} 10. O-O {[%clk 1:31:00]} h6 {[%clk 1:31:00]} 11. f4 {[%clk 1:26:00]}
dxe4 {[%clk 1:31:00]} 12. Nxe4 {[%clk 1:25:00]} Qd4+ {[%clk 1:30:00]} 13. Nf2
{[%clk 1:25:00]} Rd8 {[%clk 1:30:00]} 14. Qe2 {[%clk 1:16:00]} Qb6 {[%clk
1:14:00]} 15. Kh1 {[%clk 1:15:00]} Nd4 {[%clk 1:12:00]} 16. Qe5 {[%clk 1:11:00]}
Rd5 {[%clk 1:11:00]} 17. Qe3 {[%clk 1:12:00]} Qc7 {[%clk 1:10:00]} 18. c4 {[%clk
1:06:00]} Rd8 {[%clk 1:09:00]} 19. b4 {[%clk 0:58:00]} Nb3 {[%clk 1:05:00]} 20.
Bb2 {[%clk 0:40:00]} Nxa1 {[%clk 0:58:00]} 21. Bxa1 {[%clk 0:41:00]} Qe7 {[%clk
0:57:00]} 22. f5 {[%clk 0:38:00]} e5 {[%clk 0:49:00]} 23. Bxe5 {[%clk 0:30:00]}
Re8 {[%clk 0:49:00]} 24. Re1 {[%clk 0:31:00]} Nd7 {[%clk 0:49:00]} 25. Bd4 {[%clk
0:18:33]} Qxe3 {[%clk 0:50:00]} 26. Rxe3 {[%clk 0:18:57]} Rxe3 {[%clk 0:50:00]}
27. Bxe3 {[%clk 0:19:25]} Ne5 {[%clk 0:51:00]} 28. g4 {[%clk 0:18:57]} Bd7 {[%clk
0:50:00]} 29. Be2 {[%clk 0:16:57]} a5 {[%clk 0:48:00]} 30. b5 {[%clk 0:17:19]}
Re8 {[%clk 0:47:00]} 31. Bb6 {[%clk 0:17:23]} a4 {[%clk 0:47:00]} 32. Kg2 {[%clk
0:17:00]} Bc8 {[%clk 0:45:00]} 33. Bc7 {[%clk 0:13:47]} Nd7 {[%clk 0:45:00]} 34.
Bf3 {[%clk 0:14:16]} Nc5 {[%clk 0:44:00]} 35. Bd6 {[%clk 0:11:35]} Nb3 {[%clk
0:44:00]} 36. Bd1 {[%clk 0:08:31]} Re3 {[%clk 0:43:00]} 37. Bb4 {[%clk 0:08:00]}
b6 {[%clk 0:43:00]} 38. Bf3 {[%clk 0:08:06]} Nd4 {[%clk 0:43:00]} 39. Be4 {[%clk
0:08:33]} Nb3 {[%clk 0:42:00]} 40. h3 {[%clk 0:07:46]} Nc5 {[%clk 0:40:00]} 41.
Bc6 {[%clk 0:06:59]} Nd7 {[%clk 0:38:00]} 42. Ne4 {[%clk 0:05:33]} Ne5 {[%clk
0:38:00]} 43. Nd6 {[%clk 0:06:01]} Bd7 {[%clk 0:37:00]} 44. Bd5 {[%clk 0:06:01]}
Nd3 {[%clk 0:33:00]} 45. Bxf7+ {[%clk 0:03:26]} Kh8 {[%clk 0:33:00]} 46. c5
{[%clk 0:03:11]} bxc5 {[%clk 0:33:00]} 47. b6 {[%clk 0:03:28]} Bc6+ {[%clk
0:33:00]} 48. Kf1 {[%clk 0:03:47]} cxb4 {[%clk 0:33:00]} 49. axb4 {[%clk
0:03:58]} Re1# {[%clk 0:33:00]} 0-1